[Event "POL-chT U20 2nd League"]
[Site "Sypniewo"]
[Date "2025.06.26"]
[Round "9.5"]
[White "Kicinska, Anna"]
[Black "Kowalczyk, Julia"]
[Result "1-0"]
[WhiteElo "1790"]
[BlackElo "1438"]
[PlyCount "95"]
[EventDate "2025.06.18"]
[EventType "team-swiss"]
[EventRounds "9"]
[EventCountry "POL"]
[SourceTitle "CB27_2025"]
[SourceDate "2025.07.02"]
[SourceVersion "1"]
[SourceVersionDate "2025.07.02"]
[SourceQuality "1"]
[WhiteTeam "Grodzisk Maowiecki."]
[BlackTeam "Szczecin Gryf"]
[WhiteTeamCountry "POL"]
[BlackTeamCountry "POL"]

1. d4 d5 2. Nf3 Bf5 3. c4 c6 4. Nc3 Nf6 5. Qb3 b6 6. e3 e6 7. cxd5 cxd5 8. Bb5+ Nbd7 9. Ne5 Bd6 10. Bc6 Rc8 11. Bb7 Rb8 12. Nc6 Qc7 13. Nb5 Rxb7 14. Nxc7+ Rxc7 15. Nb4 0-0 16. 0-0 Ne4 17. f3 Nef6 18. a4 a5 19. Nd3 Rc6 20. Bd2 h6 21. Rfc1 Rfc8 22. Rxc6 Rxc6 23. Rc1 Rxc1+ 24. Nxc1 h5 25. Qb5 g5 26. Qc6 Be7 27. Na2 Kg7 28. Nc3 Bb4 29. Bc1 Bg6 30. Nb5 Bd3 31. Na7 Bg6 32. Nc8 Bd3 33. Nxb6 Nxb6 34. Qxb6 g4 35. Kf2 Kg6 36. Qc6 Kg7 37. b3 Kg6 38. Bb2 Kg7 39. Bc3 Bxc3 40. Qxc3 Bf5 41. Qxa5 Kg6 42. b4 Kg5 43. b5 Kh4 44. b6 gxf3 45. gxf3 Bh3 46. b7 Bg2 47. b8Q Bxf3 48. Qg3# 1-0

[Event "POL-chT U20 2nd League"]
[Site "Sypniewo"]
[Date "2025.06.21"]
[Round "4.5"]
[White "Rusiecki, Katarzyna"]
[Black "Kowalczyk, Julia"]
[Result "1-0"]
[WhiteElo "2009"]
[BlackElo "1438"]
[PlyCount "93"]
[EventDate "2025.06.18"]
[EventType "team-swiss"]
[EventRounds "9"]
[EventCountry "POL"]
[SourceTitle "CB27_2025"]
[SourceDate "2025.07.02"]
[SourceVersion "1"]
[SourceVersionDate "2025.07.02"]
[SourceQuality "1"]
[WhiteTeam "Bielany Bakcyl"]
[BlackTeam "Szczecin Gryf"]
[WhiteTeamCountry "POL"]
[BlackTeamCountry "POL"]

1. d4 d5 2. c4 e6 3. Nf3 Nf6 4. Nc3 Be7 5. Bf4 a6 6. cxd5 exd5 7. Qb3 0-0 8. e3 b6 9. Be5 Be6 10. Rc1 Nbd7 11. Bg3 c5 12. Be2 c4 13. Qc2 Bb4 14. 0-0 Bxc3 15. bxc3 h6 16. Ne5 Ne4 17. Nxd7 Bxd7 18. Bf4 Re8 19. f3 Nf6 20. Be5 Bc6 21. Qd2 Re6 22. Rce1 Qe7 23. Bd1 Re8 24. Kf2 h5 25. h3 h4 26. Bc2 g6 27. Re2 Nh5 28. Rd1 f5 29. e4 fxe4 30. Qh6 Qh7 31. Qxh7+ Kxh7 32. fxe4 Kh6 33. exd5 Bxd5 34. Be4 Bxe4 35. Rxe4 g5 36. Rde1 Kg6 37. d5 Nf6 38. dxe6 Nxe4+ 39. Rxe4 Rxe6 40. Re3 Kf5 41. Bd4 Rc6 42. Re5+ Kf4 43. a4 a5 44. Rb5 Re6 45. Rxb6 Re8 46. Rb5 Ra8 47. Rc5 1-0

[Event "POL-chT U20 2nd League"]
[Site "Sypniewo"]
[Date "2025.06.19"]
[Round "2.5"]
[White "Wieczorek, Antonina"]
[Black "Kowalczyk, Julia"]
[Result "0-1"]
[WhiteElo "1496"]
[BlackElo "1438"]
[PlyCount "120"]
[EventDate "2025.06.18"]
[EventType "team-swiss"]
[EventRounds "9"]
[EventCountry "POL"]
[SourceTitle "CB27_2025"]
[SourceDate "2025.07.02"]
[SourceVersion "1"]
[SourceVersionDate "2025.07.02"]
[SourceQuality "1"]
[WhiteTeam "Gliwice Akademia Szachowa"]
[BlackTeam "Szczecin Gryf"]
[WhiteTeamCountry "POL"]
[BlackTeamCountry "POL"]

1. e4 c5 2. Nf3 e6 3. b3 d5 4. exd5 Bd6 5. dxe6 Bxe6 6. Bb2 Nf6 7. Bb5+ Nbd7 8. 0-0 0-0 9. d4 cxd4 10. Nxd4 Bxh2+ 11. Kh1 Bc7 12. Nxe6 fxe6 13. Bxf6 Qxf6 14. g3 Qxa1 15. Qxd7 Qe5 16. Bc4 Rf6 17. Kg2 Rh6 18. Rh1 Qe4+ 19. f3 Qxc2+ 20. Nd2 Rxh1 21. Kxh1 Bxg3 22. Qxe6+ Kh8 23. Qe3 Qg6 24. Ne4 Rf8 25. Ng5 Qh5+ 26. Kg2 Qh2+ 27. Kf1 Qh1+ 28. Ke2 Qe1+ 29. Kd3 Qxe3+ 30. Kxe3 Bf4+ 31. Kf2 Bxg5 32. Kg3 h5 33. Bd5 b6 34. Be4 Rf6 35. b4 g6 36. a4 Kg7 37. Kh3 Bd2 38. b5 g5 39. Kg3 Kh6 40. Kh3 Rf4 41. Kg3 Be1+ 42. Kg2 g4 43. Bc2 gxf3+ 44. Kf1 f2 45. Bd1 h4 46. Be2 Rxa4 47. Kg2 Kg5 48. Kh3 Bd2 49. Bf1 Ra1 50. Kg2 Be3 51. Be2 Rg1+ 52. Kh2 Bf4+ 53. Kh3 f1Q+ 54. Bxf1 Rxf1 55. Kg2 Ra1 56. Kh3 Kf5 57. Kg2 h3+ 58. Kf2 h2 59. Ke2 h1Q 60. Kf2 Qf1# 0-1